Metodika skúšok spotreby energie pri obrábaní kovov s použitím rezných kvapalín : Diplomová práca

Na minha lista:
Detalhes bibliográficos
Autor principal: Kochan, Dušan (Author)
Outros Autores: Štefánek, Michal, 1940- (xxx)
Formato: Manuscrito Livro
Idioma:eslovaco
Publicado em: Trnava : STU v Bratislave MtF KOM, 2000
Assuntos:
Tags: Adicionar Tag
Sem tags, seja o primeiro a adicionar uma tag!

MARC

LEADER 00000ntm a22000003a 4500
001 stu78751
005 20160719155021.6
008 030129s2000----xo------------------slo-d
040 |a STU  |b slo 
041 0 |a slo 
044 |a xo 
100 1 |a Kochan, Dušan  |4 aut 
245 1 |a Metodika skúšok spotreby energie pri obrábaní kovov s použitím rezných kvapalín :  |b Diplomová práca 
260 |a Trnava :  |b STU v Bratislave MtF KOM,  |c 2000 
300 |a 83 s  |c abstr. 
650 7 |a obrábanie kovov  |2 stusub 
650 7 |a spotreba energie  |2 stusub 
650 7 |a strojárske technológie  |2 stusub 
700 1 |a Štefánek, Michal,  |d 1940-  |4 xxx  |u M160  |U MTF Ústav výrobných technológií  |T MTF Katedra obrábania a montáže  |X 1475  |U M160  |Y M160  |7 A000001475